Dictionary for theological interpretation of the Bible / (Record no. 118353)
[ view plain ]
| 000 -LEADER | |
|---|---|
| fixed length control field | 01446cam a22003974a 4500 |
| 001 - CONTROL NUMBER | |
| control field | 6034915 |
| 003 - CONTROL NUMBER IDENTIFIER | |
| control field | ARRUPE |
| 005 - DATE AND TIME OF LATEST TRANSACTION | |
| control field | 20131015123953.0 |
| 008 - FIXED-LENGTH DATA ELEMENTS--GENERAL INFORMATION | |
| fixed length control field | 051219s2005 enk bd 001 0 eng |
| 010 ## - LIBRARY OF CONGRESS CONTROL NUMBER | |
| LC control number | 2005015484 |
| 020 ## - INTERNATIONAL STANDARD BOOK NUMBER | |
| International Standard Book Number | 0801026946 (U.S. edition) |
| 020 ## - INTERNATIONAL STANDARD BOOK NUMBER | |
| International Standard Book Number | 028105780X (U.K. edition) |
| 024 8# - OTHER STANDARD IDENTIFIER | |
| Standard number or code | R9-542568 |
| 035 ## - SYSTEM CONTROL NUMBER | |
| System control number | (OCoLC)60650870 |
| 035 ## - SYSTEM CONTROL NUMBER | |
| System control number | (OCoLC)ocm60650870 |
| 035 ## - SYSTEM CONTROL NUMBER | |
| System control number | (DLC) 2005015484 |
| 035 ## - SYSTEM CONTROL NUMBER | |
| System control number | (NNC)6034915 |
| 040 ## - CATALOGING SOURCE | |
| Original cataloging agency | DLC |
| Transcribing agency | DLC |
| Modifying agency | DLC |
| 042 ## - AUTHENTICATION CODE | |
| Authentication code | pcc |
| 050 00 - LIBRARY OF CONGRESS CALL NUMBER | |
| Classification number | BS440 |
| Item number | .D495 2005 |
| 300 ## - PHYSICAL DESCRIPTION | |
| Dimensions | 26 cm. |
| 100 ## - MAIN ENTRY--PERSONAL NAME | |
| Personal name | Vanhoozer, Kevin J |
| 9 (RLIN) | 2549 |
| 245 00 - TITLE STATEMENT | |
| Title | Dictionary for theological interpretation of the Bible / |
| Statement of responsibility, etc | Kevin J. Vanhoozer, general editor ; Craig G. Bartholomew, Daniel J. Treier, and N.T. Wright, associate editors. |
| 260 ## - PUBLICATION, DISTRIBUTION, ETC. (IMPRINT) | |
| Place of publication, distribution, etc | London : |
| Name of publisher, distributor, etc | SPCK ; |
| Place of publication, distribution, etc | Grand Rapids, Mich. : |
| Name of publisher, distributor, etc | Baker Academic, |
| Date of publication, distribution, etc | c2005. |
| 300 ## - PHYSICAL DESCRIPTION | |
| Extent | 896 p. ; |
| 504 ## - BIBLIOGRAPHY, ETC. NOTE | |
| Bibliography, etc | Includes bibliographical references and indexes. |
| 630 00 - SUBJECT ADDED ENTRY--UNIFORM TITLE | |
| Uniform title | Bible |
| General subdivision | Theology |
| Form subdivision | Dictionaries. |
| 9 (RLIN) | 2550 |
| 630 00 - SUBJECT ADDED ENTRY--UNIFORM TITLE | |
| Uniform title | Bible |
| General subdivision | Criticism, interpretation, etc. |
| Form subdivision | Dictionaries. |
| 9 (RLIN) | 2551 |
| 700 1# - ADDED ENTRY--PERSONAL NAME | |
| Personal name | Vanhoozer, Kevin J. |
| 9 (RLIN) | 2552 |
| 700 1# - ADDED ENTRY--PERSONAL NAME | |
| Personal name | Bartholomew, Craig G., |
| Dates associated with a name | 1961- |
| 9 (RLIN) | 2553 |
| 700 1# - ADDED ENTRY--PERSONAL NAME | |
| Personal name | Treier, Daniel J., |
| Dates associated with a name | 1972- |
| 9 (RLIN) | 2554 |
| 700 1# - ADDED ENTRY--PERSONAL NAME | |
| Personal name | Wright, N. T. |
| Fuller form of name | (Nicholas Thomas) |
| 9 (RLIN) | 2555 |
| 856 41 - ELECTRONIC LOCATION AND ACCESS | |
| Materials specified | Table of contents |
| Uniform Resource Identifier | <a href="http://www.loc.gov/catdir/toc/ecip0514/2005015484.html">http://www.loc.gov/catdir/toc/ecip0514/2005015484.html</a> |
| 942 ## - ADDED ENTRY ELEMENTS (KOHA) | |
| Source of classification or shelving scheme | Library of Congress Classification |
| Koha item type | Monograph ( Printed materials) |
| 948 1# - LOCAL PROCESSING INFORMATION (OCLC); SERIES PART DESIGNATOR (RLIN) | |
| Series part designator, SPT (RLIN) | 20070306 |
| b (OCLC) | c |
| c (OCLC) | rad1 |
| d (OCLC) | MPS |
| Withdrawn status | Lost status | Source of classification or shelving scheme | Damaged status | Not for loan | Collection code | Home library | Current library | Shelving location | Date acquired | Total Checkouts | Full call number | Barcode | Date last seen | Price effective from | Koha item type |
|---|---|---|---|---|---|---|---|---|---|---|---|---|---|---|---|
| Library of Congress Classification | Main Collection | ARRUPE LIBRARY | ARRUPE LIBRARY | Main Collection | 15/10/2013 | REF BS440 .D495 2005 | 46410673 | 15/10/2013 | 15/10/2013 | REFERENCE |